<?xml version="1.0" encoding="UTF-8"?>
<record
    xmlns:xsi="http://www.w3.org/2001/XMLSchema-instance"
    xsi:schemaLocation="http://www.loc.gov/MARC21/slim http://www.loc.gov/standards/marcxml/schema/MARC21slim.xsd"
    xmlns="http://www.loc.gov/MARC21/slim">

  <leader>01194nam a2200241Ia 4500</leader>
  <datafield tag="952" ind1=" " ind2=" ">
    <subfield code="0">0</subfield>
    <subfield code="1">0</subfield>
    <subfield code="4">0</subfield>
    <subfield code="7">0</subfield>
    <subfield code="a">03</subfield>
    <subfield code="b">03</subfield>
    <subfield code="d">2012-02-08</subfield>
    <subfield code="l">1</subfield>
    <subfield code="o">QP385.5 S67 1981</subfield>
    <subfield code="p">03 004562</subfield>
    <subfield code="r">2016-11-29</subfield>
    <subfield code="s">2016-11-26</subfield>
    <subfield code="t">1</subfield>
    <subfield code="w">2012-07-20</subfield>
    <subfield code="y">LB</subfield>
  </datafield>
  <datafield tag="999" ind1=" " ind2=" ">
    <subfield code="c">80825</subfield>
    <subfield code="d">80825</subfield>
  </datafield>
  <controlfield tag="008">120720s1981    sp a          000 0 spa d</controlfield>
  <datafield tag="020" ind1=" " ind2=" ">
    <subfield code="a">8474321891 </subfield>
  </datafield>
  <datafield tag="050" ind1=" " ind2=" ">
    <subfield code="a">QP385.5 </subfield>
    <subfield code="b">S67 1981</subfield>
  </datafield>
  <datafield tag="100" ind1=" " ind2=" ">
    <subfield code="a">Springer, Sally P.</subfield>
    <subfield code="e">autor</subfield>
  </datafield>
  <datafield tag="240" ind1=" " ind2=" ">
    <subfield code="a">Left Brain. Right Brain </subfield>
    <subfield code="l">espa&#xF1;ol</subfield>
  </datafield>
  <datafield tag="245" ind1=" " ind2=" ">
    <subfield code="a">Cerebro Izquierdo, Cerebro Derecho</subfield>
    <subfield code="c"> / Sally P. Springer, Georg Deutsch</subfield>
  </datafield>
  <datafield tag="260" ind1=" " ind2=" ">
    <subfield code="a">Espa&#xF1;a</subfield>
    <subfield code="b"> : Gedisa</subfield>
    <subfield code="c">, 1981</subfield>
  </datafield>
  <datafield tag="300" ind1=" " ind2=" ">
    <subfield code="a">235 p&#xE1;ginas</subfield>
  </datafield>
  <datafield tag="500" ind1=" " ind2=" ">
    <subfield code="a">Reimpresion: 2006</subfield>
  </datafield>
  <datafield tag="505" ind1=" " ind2=" ">
    <subfield code="a">Rese&#xF1;a hist&#xF3;rica de evidencias cl&#xED;nicas de asimetr&#xED;as cerebrales
Invetigaci&#xF3;n de la escisi&#xF3;n cerebral
Estudios de las asimetr&#xED;as en el cerebro normal
Actividad y anatom&#xED;a: corelaciones funcionales fisiol&#xF3;gicas
El enigma del zurdo
Sexo y asimetria
El desarrollo de las asimetria
Las asimetr&#xED;as en los animales
La patolog&#xED;a y los hemisferios
M&#xE1;s all&#xE1; de los datos: ensayos especulativos

</subfield>
  </datafield>
  <datafield tag="519" ind1=" " ind2=" ">
    <subfield code="a">Plan Flexible /</subfield>
    <subfield code="b">Psicolog&#xED;a /</subfield>
    <subfield code="c">Psicolog&#xED;a Educativa (P10-3) /</subfield>
    <subfield code="d">(03 004562)</subfield>
  </datafield>
  <datafield tag="650" ind1="1" ind2="0">
    <subfield code="a">DOMINANCIA CEREBRAL</subfield>
  </datafield>
  <datafield tag="650" ind1="2" ind2="0">
    <subfield code="a">CEREBRO</subfield>
    <subfield code="x">LOCALIZACI&#xD3;N DE FUNCIONES</subfield>
  </datafield>
  <datafield tag="650" ind1="3" ind2="0">
    <subfield code="a">ZURDOS Y DIESTROS</subfield>
  </datafield>
  <datafield tag="700" ind1=" " ind2=" ">
    <subfield code="a">Deustsch, Georg</subfield>
    <subfield code="e">autor</subfield>
  </datafield>
  <datafield tag="700" ind1=" " ind2=" ">
    <subfield code="a">Gioia, Juan Alberto</subfield>
    <subfield code="e">traductor</subfield>
  </datafield>
  <datafield tag="942" ind1=" " ind2=" ">
    <subfield code="c">LB</subfield>
  </datafield>
</record>
